<?xml version="1.0" encoding="UTF-8"?><?xml-stylesheet type="text/xsl" href="static/style.xsl"?><OAI-PMH xmlns="http://www.openarchives.org/OAI/2.0/" xmlns:xsi="http://www.w3.org/2001/XMLSchema-instance" xsi:schemaLocation="http://www.openarchives.org/OAI/2.0/ http://www.openarchives.org/OAI/2.0/OAI-PMH.xsd"><responseDate>2026-06-01T14:54:42Z</responseDate><request verb="GetRecord" identifier="oai:riuma.uma.es:10630/30033" metadataPrefix="marc">https://riuma.uma.es/rest/oai/request</request><GetRecord><record><header><identifier>oai:riuma.uma.es:10630/30033</identifier><datestamp>2026-02-03T10:56:40Z</datestamp><setSpec>com_10630_2254</setSpec><setSpec>col_10630_37953</setSpec></header><metadata><record xmlns="http://www.loc.gov/MARC21/slim" xmlns:dcterms="http://purl.org/dc/terms/" xmlns:doc="http://www.lyncode.com/xoai" xmlns:xsi="http://www.w3.org/2001/XMLSchema-instance" xsi:schemaLocation="http://www.loc.gov/MARC21/slim http://www.loc.gov/standards/marcxml/schema/MARC21slim.xsd">
   <leader>00925njm 22002777a 4500</leader>
   <datafield ind2=" " ind1=" " tag="042">
      <subfield code="a">dc</subfield>
   </datafield>
   <datafield ind2=" " ind1=" " tag="720">
      <subfield code="a">Muñoz-González, Carmen María</subfield>
      <subfield code="e">author</subfield>
   </datafield>
   <datafield ind2=" " ind1=" " tag="720">
      <subfield code="a">León-Rodríguez, Ángel Luís</subfield>
      <subfield code="e">author</subfield>
   </datafield>
   <datafield ind2=" " ind1=" " tag="720">
      <subfield code="a">Suárez Medina, Rafael C.</subfield>
      <subfield code="e">author</subfield>
   </datafield>
   <datafield ind2=" " ind1=" " tag="720">
      <subfield code="a">Ruiz-Jaramillo, Jonathan</subfield>
      <subfield code="e">author</subfield>
   </datafield>
   <datafield ind2=" " ind1=" " tag="260">
      <subfield code="c">2020-02-27</subfield>
   </datafield>
   <datafield ind2=" " ind1=" " tag="520">
      <subfield code="a">Climate change will affect the indoor temperature of historic buildings, impacting the preservation of artworks and&#xd;
the thermal comfort of users, and possibly leading to increased energy consumption. These buildings generate more&#xd;
emissions than new buildings and in most European countries, preservation principles take precedence over energy&#xd;
efficiency and the reduction of emissions. This research is a key topic for the mitigation of climate change and&#xd;
proposes a method for assessing the impact of climate change on the preservation of artworks, thermal comfort, and&#xd;
energy consumption. An experimental method was followed, combining analytical formulations, on-site measure ments, and Heating, Ventilation and Air Conditioning systems in order to identify the adequate hygrothermal&#xd;
parameters for historic buildings. The climate change scenario predicted for 2050 was based on projected tem perature variation. The case studies were Baroque churches, historic buildings located in the south of Europe. Data&#xd;
obtained from a monitoring campaign carried out in these churches was used to validate dynamic simulation models.&#xd;
The churches analysed showed an increase in cooling demand and a decrease in heating demand. Furthermore, in&#xd;
order to ensure human comfort and the preservation of artworks, it was necessary to implement active systems in&#xd;
operation for 12-hour periods. These results suggest an energy overconsumption, as the energy consumption for&#xd;
human comfort and artwork preservation was 50% higher than the energy consumption of active systems for the&#xd;
preservation of valuable historic objects. In addition, the annual energy consumption decreases for future scenarios&#xd;
for 2050 in the case of artwork preservation and thermal comfort, but increases by almost 15% for the preservation of&#xd;
works of art due to higher level relative humidity. Before historic buildings can be adapted.</subfield>
   </datafield>
   <datafield ind1="8" ind2=" " tag="024">
      <subfield code="a">C.Mª Muñoz González, A.L. León Rodríguez, R. Suárez Medina, J. Ruiz Jaramillo, Effects of future climate change on the preservation of artworks, thermal comfort and energy consumption in historic buildings, Applied Energy, Volume 276, 2020,</subfield>
   </datafield>
   <datafield ind1="8" ind2=" " tag="024">
      <subfield code="a">https://hdl.handle.net/10630/30033</subfield>
   </datafield>
   <datafield ind1="8" ind2=" " tag="024">
      <subfield code="a">10.1016/j.apenergy.2020.115483.</subfield>
   </datafield>
   <datafield tag="653" ind2=" " ind1=" ">
      <subfield code="a">Edificios históricos - Conservación y restauración</subfield>
   </datafield>
   <datafield ind2="0" ind1="0" tag="245">
      <subfield code="a">Effects of future climate change on the preservation of artworks,  thermal comfort and energy consumption in historic buildings</subfield>
   </datafield>
</record>
</metadata></record></GetRecord></OAI-PMH>